000 02133nam a2200469 i 4500
001 193138
003 SpMaBN
005 20240708063028.0
007 ta
008 230824s2003 sp | o||| ||spa
016 7 _abimoBNE20030799173
_2SpMaBN
017 _aVA 613-2003
_bOficina Depósito Legal Valladolid
020 _a8484482340
035 _a(OCoLC)53143808
035 _abimo0001884220
040 _aSpMaBN
_bspa
_cSpMaBN
_erdc
_dES-MaACL
080 _a725.948.025.4(450.621)(060.64)
080 _a904(450.621):7.032(37)(060.64)
245 1 3 _aLa fontana arcaica di "Tusculum": idee per la conservazione =
_bLa fuente arcaica de "Tusculum": ideas para su conservación : Roma, 10-24 de julio de 2003
_c[comisarios], Javier Rivera Blanco, Xavier Dupré Raventós ; organizan, Instituto Español de Arquitectura (UVa) ... [et al.] ; colaboran, Embajada de España en Italia ... [et al.]
246 3 1 _aLa fuente arcaica de "Tusculum": ideas para su conservación
246 1 4 _aTusculum
260 _aValladolid :
_bUniversidad de Valladolid,
_c2003
300 _aXV, 134 p. :
_bil. col. y n. ;
_c26 cm
336 _2rdacontent
_aTexto
337 _2rdamedia
_asin mediación
338 _2rdacarrier
_avolumen
500 _aCatalogación provisional. Signatura: N 8626. Depósito J.
504 _aIncluye referencias bibliográficas
650 7 _aFuentes
_xRestauración
_zRoma (Provincia)
_vExposiciones
_2embne
_9234042
651 7 _aTúsculo (Ciudad desaparecida)
_vExposiciones
_2embne
_9234043
700 0 _aRivera Blanco, José Javier,
_d1954-
_997637
700 1 _aDupré Raventós, Xavier,
_d1956-2006
_9234044
710 2 _aInstituto Español de Arquitectura
_9234045
852 _aES-MaACL
_9200457
_bR.153111
_jN-8626
_cDEPOJ
_hDonación: Universidad de Alcala
_zEn proceso
914 _97135
_aUniversidad de Alcalá de Henares
_ednr
942 _n0
_cMONOGRAFIA
999 _c193138
_d193138